Countries Without Reported COVID-19 Cases - Statistics

General Stats
  • This quiz has been taken 29 times
  • The average score is 6 of 9
Answer Stats
Answer % Correct
North Korea
89%
Tuvalu
78%
Kiribati
74%
Nauru
70%
Samoa
67%
Tonga
67%
Palau
63%
Federated States of Micronesia
56%
Turkmenistan
37%
No matching quizzes found
Score Distribution
Percent of People with Each Score
Percentile by Number Answered
Your Score History
You have not taken this quiz